000 00915cam a2200277 a 4500
999 _c10633
_d10633
001 4206074
003 OSt
005 20210308145606.0
008 810716s1981 ilu b 011 0 eng
010 _a 81011223
020 _a0802425445
040 _aDLC
_cDLC
_dDLC
050 0 0 _aBS1192
_bF299T
082 0 0 _a221.6
_219
_bF299T
245 0 0 _aTradition and testament :
_bessays in honor of Charles Lee Feinberg /
_cedited by John S. Feinberg and Paul D. Feinberg.
260 _aChicago :
_bMoody Press,
_cc1981.
300 _axxiv, 325 p. ;
_c24 cm.
504 _aIncludes bibliographical references and indexes.
600 1 0 _aFeinberg, Charles Lee.
630 0 0 _aBible.
_pOld Testament
_xCriticism, interpretation, etc.
700 1 _aFeinberg, Charles Lee.
700 1 _aFeinberg, John S.,
_d1946-
700 1 _aFeinberg, Paul D.
906 _a7
_bcbc
_corignew
_d1
_eocip
_f19
_gy-gencatlg
942 _2ddc
_cBK